| 000 | 004640000a22001810004500 | ||
|---|---|---|---|
| 003 | MACL | ||
| 005 | 20150903170835.0 | ||
| 008 | 150903b xxu||||| |||| 00| 0 eng d | ||
| 040 |
_aMACL _cMACL |
||
| 041 | _aEnglish | ||
| 082 | _a808.83/ROL | ||
| 100 |
_aRolland, Ramain _99031 |
||
| 245 | _aThe Life Of Vivekananda And The Universal Gospel | ||
| 260 |
_aCalcutta _bAdvaita Ashrama _c1995 |
||
| 350 | _a35 | ||
| 650 |
_aLiterature _99032 |
||
| 942 |
_cBK _k808.8 _2ddc |
||
| 999 |
_c1874 _d1874 |
||